MARC

LEADER 00000nam0a2200000 4500
001 286651
005 20231101235919.0
020 |a RU  |b 85-46287 
035 |a (RuTPU)RU\TPU\book\310976 
090 |a 286651 
100 |a 20150306d1985 m y0rusy5003 ca 
101 0 |a rus 
102 |a RU 
105 |a a j 001zy 
200 1 |a Охрана труда и противопожарная защита в горнорудной промышленности  |e учебник  |f А. Е. Умнов 
205 |a 2-е изд., перераб. и доп. 
210 |a Москва  |c Недра  |d 1985 
215 |a 247 с.  |c ил. 
225 1 |a Среднетехническое образование 
320 |a Библиогр.: с. 236 
320 |a Алфавитно-предметный указатель: с. 240-241 
606 |a Горнорудные предприятия  |x Охрана труда  |2 stltpush  |3 (RuTPU)RU\TPU\subj\7674  |9 35251 
610 1 |a производство 
610 1 |a несчастные случаи 
610 1 |a мероприятия 
610 1 |a организация 
610 1 |a производственная санитария 
610 1 |a задачи 
610 1 |a профессиональные заболевания 
610 1 |a борьба 
610 1 |a требования 
610 1 |a пожарная безопасность 
610 1 |a противопожарная защита 
610 1 |a шахты 
610 1 |a горно-спасательное дело 
610 1 |a подземные горные работы 
610 1 |a полезные ископаемые 
610 1 |a выемка 
610 1 |a рудничный подъем 
610 1 |a погрузочно-разгрузочные работы 
610 1 |a безопасность труда 
610 1 |a труд 
610 1 |a электрические установки 
610 1 |a эксплуатация 
610 1 |a взрывчатые материалы 
610 1 |a хранение 
610 1 |a транспортирование 
675 |a 622.8(075.32)  |v 3 
700 1 |a Умнов  |b А. Е.  |g Анатолий Емельянович 
801 0 |a RU  |b RuMRKP  |c 19950704  |g psbo 
801 1 |a RU  |b 63413507  |c 20150306 
801 2 |a RU  |b 63413507  |c 20171227  |g RCR 
942 |c BK